| 000 | nam a22 7a 4500 | ||
|---|---|---|---|
| 999 |
_c330486 _d330486 |
||
| 003 | NUST | ||
| 005 | 20170717171923.0 | ||
| 008 | 170717b xxu||||| |||| 00| 0 eng d | ||
| 020 | _a9788183562799 | ||
| 040 | _c0 | ||
| 082 | _a620.5 ARO | ||
| 100 |
_aArora,M.P. _93291 |
||
| 245 |
_aEmerging Nanotechnology _cM.P.Arora |
||
| 260 |
_aNew Delhi _bDiscovery Publishing House _c2008 |
||
| 300 | _a223p. | ||
| 500 | _aH.B | ||
| 942 |
_2ddc _cBK _kIESE |
||